| 000 | 01093nam a2200313 i 4500 | ||
|---|---|---|---|
| 003 | EG-GICUC | ||
| 005 | 20260504095019.0 | ||
| 008 | 260504s1976 Fr |||fr|||| 00| 0 fre d | ||
| 020 | _a00801875870 | ||
| 040 |
_aEG-GiCUC _bfre _cEG-GiCUC _dEG-GiCUC _erda |
||
| 082 | 0 | 4 |
_221 _a343.82 _bCO |
| 092 | 0 | 4 | _221 |
| 099 | _aLaw1 10 343.82 CO 1976 | ||
| 245 | 0 | 0 |
_aCommunity Mental Health and the Criminal Justice System : _bProgram in Social Ecology University of California, Irvine / _cEditor John Monahan. |
| 264 | 1 |
_aNew York : _aToronto : _aOxford : _aSydney : _aBraunschweig : _aParis : _bPergamon Press INC, _c1976. |
|
| 264 | 3 |
_aAmerica : _aUnited States |
|
| 300 |
_aIv - Xvi, 333 pages; _c24 cm |
||
| 336 |
_2rda content _atext |
||
| 337 |
_2rda media _aComputer |
||
| 338 |
_2rda carrier _aOnline Resource |
||
| 546 | _aText in English | ||
| 650 | 1 |
_aForensic Psychology _2qrmak |
|
| 650 | 1 |
_aCriminal Law _2qrmak |
|
| 651 | 1 | _2qrmak | |
| 700 | 1 |
_aMonahan, John _eeditor. |
|
| 856 | 4 | 0 | _uhttps://fll.law.cu.edu.eg/fulltext/bks/B10-11400.pdf |
| 905 | _a54 | ||
| 942 |
_2ddc _cBK _e21 _n0 |
||
| 999 |
_c75438 _d75438 |
||